| Tag |
First Indicator |
Second Indicator |
Subfields |
| LEADER |
00000cam a22000001a 4500 |
| 001 |
in00003164792 |
| 006 |
m d f |
| 007 |
cr bn mmmapmmp |
| 008 |
090617s1956 dcua o f000 0 eng d |
| 005 |
20260504144441.3 |
| 035 |
|
|
|a cis2007423001
|
| 040 |
|
|
|a UMI
|c UMI
|d UtOrBLW
|
| 043 |
|
|
|a n-us---
|
| 086 |
0 |
|
|a Y 4.P 96/11:84/25
|
| 099 |
|
|
|a HRG-1956-PWH-0006
|
| 110 |
1 |
|
|a United States.
|b Congress.
|b House.
|b Committee on Public Works.
|b Subcommittee on Roads.
|
| 245 |
1 |
0 |
|a Pentagon Road Bill and Federal Highway Administrator :
|b hearings before the United States House Committee on Public Works, Subcommittee on Roads, Eighty-Fourth Congress, second session, on July 11, 1956.
|
| 264 |
|
1 |
|a Washington :
|b U.S. G.P.O.,
|c 1956.
|
| 300 |
|
|
|a 1 online resource.
|
| 336 |
|
|
|a text
|b txt
|2 rdacontent
|
| 337 |
|
|
|a computer
|b c
|2 rdamedia
|
| 338 |
|
|
|a online resource
|b cr
|2 rdacarrier
|
| 500 |
|
|
|a Record is based on bibliographic data in ProQuest Congressional Hearings Digital Collection. Reuse except for individual research requires license from ProQuest, LLC.
|
| 520 |
|
|
|a Committee Serial No. 84-25.
|
| 520 |
|
|
|a Considers (84) H.R. 12110, (84) H.R. 11990.
|
| 538 |
|
|
|a System requirements: PDF reader software.
|
| 500 |
|
|
|a Electronic resource.
|
| 650 |
|
0 |
|a Express highways
|x Law and legislation
|z United States.
|
| 655 |
|
7 |
|a Electronic books.
|2 local
|
| 710 |
2 |
|
|a ProQuest (Firm)
|
| 776 |
0 |
8 |
|i Print version:
|a United States. Congress. House. Committee on Public Works. Subcommittee on Roads.
|t Pentagon Road Bill and Federal Highway Administrator
|
| 776 |
0 |
8 |
|i Microfiche version:
|a United States. Congress. House. Committee on Public Works. Subcommittee on Roads.
|t Pentagon Road Bill and Federal Highway Administrator.
|d [Bethesda, Md.] : ProQuest,[2004]
|o CIS Hrgs MF Gp 3--(84) H1587-2
|w (ProQuest)cis10601459
|
| 830 |
|
0 |
|a U.S. Congressional Hearings.
|
| 856 |
4 |
0 |
|u http://proxy.library.tamu.edu/login?url=https://congressional.proquest.com/congcomp/getdoc?HEARING-ID=HRG-1956-PWH-0006
|z Connect to the full text of this electronic book
|t 0
|
| 998 |
|
|
|a cis10601459
|
| 999 |
|
|
|a MARS
|
| 999 |
f |
f |
|s 59f0d112-cce3-3d6b-8931-fbea3fa9321c
|i 02f36e48-b2a8-3e06-af1a-40d1d46303c1
|t 0
|
| 952 |
f |
f |
|a Texas A&M University
|b College Station
|c Electronic Resources
|s www_evans
|d Available Online
|t 0
|e HRG-1956-PWH-0006
|h Other scheme
|
| 998 |
f |
f |
|a HRG-1956-PWH-0006
|t 0
|l Available Online
|